Sports Quiz

Random Sports or NCAA Quiz

NCAA Men's Basketball Final Top 25 Since 2010 Quiz Stats

 Plays Quiz not verified by Sporcle

Challenge
Share
Tweet
Embed
Score 0/225 Timer 10:00
0 Plays Today
Year School % Correct
2017Duke
100%
2018Michigan
100%
2018Duke
100%
2018Michigan State
100%
2018North Carolina
100%
2018Kentucky
100%
2010Duke
99.4%
2011Duke
99.4%
2012Duke
99.4%
2013Duke
99.4%
2014Duke
99.4%
2015Duke
99.4%
2016Duke
99.4%
2017Kentucky
99.2%
2010Kentucky
99%
2011Kentucky
99%
2012Kentucky
99%
2014Kentucky
99%
2015Kentucky
99%
2011North Carolina
98.4%
2012North Carolina
98.4%
2014North Carolina
98.4%
2015North Carolina
98.4%
2016North Carolina
98.4%
2017North Carolina
98.3%
2010Kansas
97.1%
2011Kansas
97.1%
2012Kansas
97.1%
2013Kansas
97.1%
2014Kansas
97.1%
2015Kansas
97.1%
2016Kansas
97.1%
2016Kentucky
96.8%
2017Florida
96.7%
2011Florida
96.5%
2012Florida
96.5%
2012Michigan
96.5%
2013Michigan
96.5%
2013Florida
96.5%
2014Florida
96.5%
2014Michigan
96.5%
2010Michigan State
96.1%
2012Michigan State
96.1%
2013Michigan State
96.1%
2014Michigan State
96.1%
2015Michigan State
96.1%
2016Michigan State
96.1%
2017Kansas
95%
2010Villanova
93.9%
2014Villanova
93.9%
2015Villanova
93.9%
2016Villanova
93.9%
2017Michigan
93.4%
2010Wisconsin
93.2%
2011Wisconsin
93.2%
2012Wisconsin
93.2%
2013Wisconsin
93.2%
2014Wisconsin
93.2%
2015Wisconsin
93.2%
2016Wisconsin
93.2%
2018Villanova
92.3%
2018Kansas
92.3%
2011Louisville
92.3%
2012Louisville
92.3%
2013Louisville
92.3%
2014Louisville
92.3%
2015Louisville
92.3%
2011Texas
91.3%
2014UCLA
91.3%
2013Oregon
91%
2015Oregon
91%
2016Oregon
91%
2017Villanova
90.9%
2012Ohio
90.6%
2014Virginia
90.6%
Year School % Correct
2015Virginia
90.6%
2016Virginia
90.6%
2010Ohio State
90.3%
2011Ohio State
90.3%
2011Arizona
90.3%
2012Ohio State
90.3%
2013Ohio State
90.3%
2013Arizona
90.3%
2014Arizona
90.3%
2015Arizona
90.3%
2015Oklahoma
90.3%
2016Oklahoma
90.3%
2016Arizona
90.3%
2010Syracuse
90%
2011Syracuse
90%
2012Syracuse
90%
2013Syracuse
90%
2014Syracuse
90%
2016Syracuse
90%
2017Louisville
89.3%
2017Wisconsin
89.3%
2011Connecticut
88.4%
2014Connecticut
88.4%
2011Florida State
88.1%
2012Indiana
88.1%
2012Florida State
88.1%
2013Indiana
88.1%
2016Indiana
88.1%
2017Oregon
87.6%
2010Gonzaga
87.1%
2013Gonzaga
87.1%
2015Gonzaga
87.1%
2016Gonzaga
87.1%
2017Arizona
86.8%
2017UCLA
86.8%
2017Florida State
86.8%
2017Gonzaga
86%
2018Gonzaga
85.7%
2018Florida State
85.7%
2013Miami (FL)
85.2%
2016Miami (FL)
85.2%
2018Virginia
84.6%
2016Iowa
84.2%
2010Butler
83.9%
2010West Virginia
83.9%
2010Kansas State
83.9%
2010Washington
83.9%
2011Butler
83.9%
2011Washington
83.9%
2011Kansas State
83.9%
2013Kansas State
83.9%
2015West Virginia
83.9%
2015Butler
83.9%
2016West Virginia
83.9%
2017Butler
82.6%
2012North Carolina State
81%
2015North Carolina State
81%
2010Baylor
79.4%
2012Baylor
79.4%
2014Baylor
79.4%
2015Baylor
79.4%
2016Baylor
79.4%
2012Georgetown
79%
2013Georgetown
79%
2014Iowa State
79%
2016Iowa State
79%
2015Utah
77.4%
2016Utah
77.4%
2010Tennessee
77.1%
2014Tennessee
77.1%
2017West Virginia
76.9%
2010Maryland
76.1%
2010Pittsburgh
76.1%
2011Pittsburgh
76.1%
2015Maryland
76.1%
Year School % Correct
2016Maryland
76.1%
2011Notre Dame
75.8%
2015Notre Dame
75.8%
2016Notre Dame
75.8%
2010Purdue
74.5%
2011Purdue
74.5%
2013Wichita State
74.5%
2014Wichita State
74.5%
2015Wichita State
74.5%
2016Purdue
74.5%
2017Xavier
74.4%
2014Stanford
73.9%
2010Xavier
73.5%
2012Xavier
73.5%
2015Xavier
73.5%
2016Xavier
73.5%
2017Wichita State
73.6%
2010Texas A&M
73.2%
2016Texas A&M
73.2%
2017South Carolina
72.7%
2015Arkansas
72.3%
2017Iowa State
71.9%
2012Missouri
71.6%
2018Cincinnati
71.4%
2018Kansas State
71.4%
2018Ohio State
71.4%
2017Baylor
71.1%
2012Cincinnati
69.4%
2014Cincinnati
69.4%
2015Iowa State
68.4%
2011Marquette
68.1%
2012Marquette
68.1%
2013Marquette
68.1%
2017Purdue
66.1%
2017Notre Dame
65.3%
2013Memphis
65.2%
2012Creighton
64.2%
2013Creighton
64.2%
2014Creighton
64.2%
2010Brigham Young
63.2%
2011Virginia Commonwealth
63.2%
2011Brigham Young
63.2%
2013Virginia Commonwealth
63.2%
2012Vanderbilt
62.6%
2017Cincinnati
62%
2010New Mexico
61.6%
2012New Mexico
61.6%
2013New Mexico
61.6%
2018Xavier
57.1%
2018Purdue
57.1%
2018West Virginia
57.1%
2018Tennessee
57.1%
2018Auburn
57.1%
2018Texas A&M
57.1%
2018Wichita State
57.1%
2011San Diego State
56.5%
2014San Diego State
56.5%
2010Saint Mary's
53.9%
2014Dayton
53.5%
2018Loyola-Chicago
42.9%
2011Utah State
38.4%
2010Northern Iowa
38.1%
2015Northern Iowa
38.1%
2017Southern Methodist
36.4%
2013Saint Louis
36.1%
2014Saint Louis
36.1%
2013Florida Gulf Coast
29.4%
2011Richmond
28.7%
2018Clemson
28.6%
2018Nevada
28.6%
2018Houston
28.6%
2013La Salle
25.5%
2010Cornell
23.9%
2012Murray State
23.9%
2018Texas Tech
23.1%

You're not logged in!

Compare scores with friends on all Sporcle quizzes.
Join for Free
OR
Log In

You Might Also Like...

Show Comments

Extras

Top Quizzes Today


Score Distribution

Your Account Isn't Verified!

In order to create a playlist on Sporcle, you need to verify the email address you used during registration. Go to your Sporcle Settings to finish the process.

Report this User

Report this user for behavior that violates our Community Guidelines.

Details: